000 00407nam a2200181Ia 4500
001 1329
005 20260306143720.0
008 260306t2001||||xx |||||||||||||| ||spa||
041 _aESP
082 _a194
_bL99
100 _aLuque Mogrovejo, Rolando
_eAUT
245 0 _aRousseau y la libertad natural
260 _c2001
300 _a
_c
650 _aGEN
654 _aCHU
942 _cLIB
_dJUS
_fJUS
_2ddc
_n
999 _c1329
_d1329